[Event "Dhaka Chowdhury Memorial op-B 2nd"]
[Site "Dhaka"]
[Date "2022.07.04"]
[Round "4"]
[White "Rahman, Md Ataur"]
[Black "Md, Hadiuzzaman"]
[Result "1-0"]
[WhiteElo "1819"]
[BlackElo "1910"]
[PlyCount "73"]
[EventDate "2022.07.02"]
[EventType "swiss"]
[EventRounds "9"]
[EventCountry "BAN"]
[SourceTitle "EXT 2023"]
[Source "ChessBase"]
[SourceDate "2022.10.05"]
[SourceVersion "1"]
[SourceVersionDate "2022.10.05"]
[SourceQuality "1"]

1. e4 c5 2. Nf3 Nc6 3. d4 cxd4 4. Nxd4 a6 5. Nc3 Nf6 6. Be3 e6 7. a3 d5 8. exd5 Nxd5 9. Nxd5 Qxd5 10. Nxc6 Qxc6 11. Be2 Be7 12. 0-0 0-0 13. Bd3 Bf6 14. Rb1 b5 15. Qh5 g6 16. Qc5 Bb7 17. Qxc6 Bxc6 18. h3 Bd5 19. Bc5 Rfc8 20. b4 Bc3 21. f3 f5 22. Kf2 Ba2 23. Rbd1 Bb2 24. g4 Kf7 25. Rfe1 Rd8 26. Re2 Bc3 27. h4 Rac8 28. h5 Bd5 29. Kg3 Rc6 30. hxg6+ hxg6 31. Rh1 Kg7 32. gxf5 exf5 33. Re7+ Bf7 34. a4 bxa4 35. Bc4 Rf6 36. Rb7 Rc8 37. Rd1 1-0

[Event "BAN-chT 1st League"]
[Site "Dhaka"]
[Date "2022.03.11"]
[Round "2.4"]
[White "Rahman, Md Ataur"]
[Black "Mortuza Mahathir, Islam"]
[Result "1/2-1/2"]
[WhiteElo "1887"]
[BlackElo "1884"]
[PlyCount "52"]
[EventDate "2022.03.10"]
[EventType "team-tourn"]
[EventRounds "11"]
[EventCountry "BAN"]
[SourceTitle "EXT 2023"]
[Source "ChessBase"]
[SourceDate "2022.10.05"]
[SourceVersion "1"]
[SourceVersionDate "2022.10.05"]
[SourceQuality "1"]
[WhiteTeam "Access"]
[BlackTeam "Mir CC"]
[WhiteTeamCountry "BAN"]
[BlackTeamCountry "BAN"]

1. e4 c5 2. Nf3 e6 3. d4 cxd4 4. Nxd4 Nc6 5. Be3 a6 6. Nc3 Qc7 7. Be2 Nf6 8. Qd2 Bb4 9. f3 Bxc3 10. Qxc3 Qa5 11. Qxa5 Nxa5 12. 0-0-0 Nc6 13. Nxc6 bxc6 14. Bd4 d5 15. Bxf6 gxf6 16. Rhe1 0-0 17. h4 Rd8 18. g4 e5 19. exd5 cxd5 20. Bd3 Be6 21. Rg1 Kh8 22. h5 h6 23. Rg2 a5 24. Rdd2 Rdc8 25. Kb1 a4 26. Bf5 Rc5 1/2-1/2

[Event "BAN-chB 44th"]
[Site "Dhaka"]
[Date "2018.11.19"]
[Round "8"]
[White "Rahman, Md Ataur"]
[Black "Sultana, Sharmin Shirin"]
[Result "0-1"]
[WhiteElo "1807"]
[BlackElo "1975"]
[PlyCount "170"]
[EventDate "2018.11.13"]
[EventType "swiss"]
[EventRounds "9"]
[EventCountry "BAN"]
[SourceTitle "CBM 187 Extra"]
[Source "ChessBase"]
[SourceDate "2018.11.04"]
[SourceVersion "1"]
[SourceVersionDate "2018.11.04"]
[SourceQuality "1"]

1. e4 c5 2. Nf3 e6 3. c3 Nf6 4. e5 Nd5 5. Bc4 Nb6 6. Bb3 c4 7. Bc2 d6 8. d4 cxd3 9. Qxd3 Nc6 10. Bf4 dxe5 11. Qxd8+ Nxd8 12. Nxe5 f6 13. Nf3 Be7 14. Nbd2 0-0 15. 0-0 Kh8 16. h3 Nc6 17. Rfe1 e5 18. Bg3 Be6 19. a4 a5 20. Nd4 Nxd4 21. cxd4 Bb4 22. Re2 Bxd2 23. Rxd2 Rfd8 24. Re1 Nc4 25. Rdd1 Nxb2 26. Rb1 Nc4 27. dxe5 fxe5 28. Rxb7 Bd5 29. Re7 Re8 30. Rxe8+ Rxe8 31. Bd3 e4 32. Bxc4 Bxc4 33. Bc7 Bb3 34. Bxa5 Bxa4 35. Bb6 Kg8 36. Ra1 Bb3 37. Ra3 Bf7 38. Kh2 h6 39. Kg3 g5 40. Be3 Kg7 41. h4 gxh4+ 42. Kxh4 Kg6 43. Ra4 Re7 44. Ra6+ Re6 45. Ra7 Kg7 46. Rd7 Rg6 47. g4 Kf6 48. g5+ Ke6 49. Rb7 hxg5+ 50. Bxg5 Rg7 51. Rb6+ Kd5 52. Be3 Rg2 53. Rf6 Be6 54. Kh5 Ke5 55. Rf4 Bf5 56. Kh6 Ke6 57. Kh5 Ke5 58. Kh6 Rg6+ 59. Kh5 Rg8 60. Kh6 Rh8+ 61. Kg7 Rh7+ 62. Kg8 Rd7 63. Rh4 Kf6 64. Rh6+ Bg6 65. Bc5 Rd8+ 66. Bf8 Re8 67. f4 exf3 68. Rh4 Bf5 69. Rh6+ Kg5 70. Rh2 Kf6 71. Rh6+ Kg5 72. Rh2 Bg6 73. Kg7 Be4 74. Kf7 Rc8 75. Be7+ Kf4 76. Rh4+ Ke3 77. Bg5+ Kd3 78. Rf4 Bd5+ 79. Kg6 Rg8+ 80. Kf5 Rf8+ 81. Bf6 Be4+ 82. Kg4 Rg8+ 83. Bg5 Bc6 84. Rf6 Bd5 85. Kh4 Ke2 0-1

[Event "Dhaka Walton op 07"]
[Site "Dhaka"]
[Date "2018.07.12"]
[Round "9"]
[White "Abul, Kashem"]
[Black "Rahman, Md Ataur"]
[Result "1-0"]
[WhiteElo "1591"]
[BlackElo "1877"]
[PlyCount "75"]
[EventDate "2018.07.04"]
[EventType "swiss"]
[EventRounds "9"]
[EventCountry "BAN"]
[SourceTitle "EXT 2019"]
[Source "ChessBase"]
[SourceDate "2018.10.10"]
[SourceVersion "1"]
[SourceVersionDate "2018.10.10"]
[SourceQuality "1"]

1. Nf3 Nf6 2. c4 g6 3. b4 Bg7 4. Bb2 d6 5. d3 0-0 6. g3 e5 7. Nbd2 Nbd7 8. Bg2 Nh5 9. e4 a5 10. a3 Nhf6 11. 0-0 Ng4 12. h3 Nh6 13. Qb3 Kh8 14. Rac1 c5 15. bxc5 Nxc5 16. Qc2 f5 17. d4 fxe4 18. Nxe4 Nxe4 19. Qxe4 Bf5 20. Qd5 Qb6 21. Ba1 Rae8 22. dxe5 dxe5 23. Bxe5 Rxe5 24. Nxe5 Qb2 25. f4 b6 26. a4 Qa3 27. g4 Qe3+ 28. Kh2 Bc8 29. Rce1 Qc3 30. g5 Nf5 31. Nf7+ Rxf7 32. Qxf7 Qg3+ 33. Kh1 h5 34. Qxg6 Bd7 35. Re8+ Bxe8 36. Qxe8+ Kh7 37. Qxh5+ Kg8 38. Bd5+ 1-0

[Event "Dhaka Walton op 07"]
[Site "Dhaka"]
[Date "2018.07.10"]
[Round "7"]
[White "Shah Alam, Ropan"]
[Black "Rahman, Md Ataur"]
[Result "1/2-1/2"]
[WhiteElo "1610"]
[BlackElo "1877"]
[PlyCount "32"]
[EventDate "2018.07.04"]
[EventType "swiss"]
[EventRounds "9"]
[EventCountry "BAN"]
[SourceTitle "EXT 2019"]
[Source "ChessBase"]
[SourceDate "2018.10.10"]
[SourceVersion "1"]
[SourceVersionDate "2018.10.10"]
[SourceQuality "1"]

1. e4 c5 2. Nf3 d6 3. d4 cxd4 4. Nxd4 Nf6 5. Nc3 a6 6. a4 e6 7. Be2 Nbd7 8. Be3 Be7 9. 0-0 0-0 10. f4 Nc5 11. Bf3 Rb8 12. Kh1 b6 13. b4 Ncd7 14. Nc6 Qe8 15. Nxb8 Nxb8 16. Bxb6 Qc6 1/2-1/2

[Event "Dhaka IRT U2000"]
[Site "Dhaka"]
[Date "2018.02.17"]
[Round "4"]
[White "Rahman, Md Ataur"]
[Black "Jabed, Al Azad"]
[Result "1/2-1/2"]
[WhiteElo "1883"]
[BlackElo "1956"]
[PlyCount "110"]
[EventDate "2018.02.14"]
[EventType "swiss"]
[EventRounds "9"]
[EventCountry "BAN"]
[SourceTitle "EXT 2024"]
[Source "ChessBase"]
[SourceDate "2023.10.10"]
[SourceVersion "1"]
[SourceVersionDate "2023.10.10"]
[SourceQuality "1"]

1. e4 c6 2. c4 d5 3. cxd5 cxd5 4. Nc3 d4 5. Nce2 e5 6. Nf3 Bd6 7. Ng3 Nf6 8. Bc4 0-0 9. 0-0 Nc6 10. d3 Na5 11. Bb5 a6 12. Ba4 b5 13. Bc2 h6 14. Bd2 Be6 15. Qe1 Nc6 16. Nh4 Ne7 17. Rc1 Rc8 18. Bb1 Re8 19. f4 Ng6 20. Nxg6 fxg6 21. f5 Bf7 22. fxg6 Bxg6 23. a3 Qe7 24. Ba2+ Kh7 25. Nf5 Bxf5 26. Rxf5 Rc7 27. Rxc7 Bxc7 28. Qh4 Rf8 29. g4 Bd6 30. g5 Nd7 31. Qh5 Rxf5 32. exf5 Qf8 33. Qg6+ Kh8 34. Bd5 e4 35. Bxe4 Ne5 36. Qh5 Qf7 37. Qxf7 Nxf7 38. gxh6 gxh6 39. Bb7 Ne5 40. Be4 Kg7 41. Kg2 Kf6 42. h3 h5 43. h4 Kf7 44. Bg5 a5 45. Bd2 b4 46. axb4 axb4 47. b3 Nd7 48. Bg5 Kg7 49. Bd5 Ne5 50. Bc4 Bc7 51. Bf4 Nxc4 52. Bxc7 Nb2 53. Be5+ Kf7 54. Bxd4 Nxd3 55. Kf3 Nc1 1/2-1/2

[Event "Dhaka Powertec op-B"]
[Site "Dhaka"]
[Date "2017.07.18"]
[Round "4"]
[White "Rahman, Md Ataur"]
[Black "Mohammad Nazmul, Hasan"]
[Result "1-0"]
[WhiteElo "1841"]
[BlackElo "1766"]
[PlyCount "107"]
[EventDate "2017.07.15"]
[EventType "swiss"]
[EventRounds "9"]
[EventCountry "BAN"]
[SourceTitle "EXT 2018"]
[Source "ChessBase"]
[SourceDate "2017.10.13"]
[SourceVersion "1"]
[SourceVersionDate "2017.10.13"]
[SourceQuality "1"]

1. e4 c5 2. Nf3 d6 3. Bc4 Nf6 4. Nc3 g6 5. d4 cxd4 6. Nxd4 Bg7 7. 0-0 Nc6 8. Nxc6 bxc6 9. e5 dxe5 10. Qf3 Bd7 11. Re1 Qc7 12. Ne4 0-0 13. Bg5 Nxe4 14. Rxe4 Bf5 15. Rh4 e4 16. Qa3 Bf6 17. Bxf6 exf6 18. Be2 g5 19. Rh5 Qf4 20. Qe7 Kg7 21. Rd1 Bg4 22. g3 Qf5 23. f3 Bxf3 24. Rf1 Qg4 25. Rh6 Kxh6 26. Qxf6+ Kh5 27. Rxf3 exf3 28. Bxf3 Qxf3 29. Qxf3+ Kg6 30. Qxc6+ f6 31. Qe4+ Kg7 32. c4 Rfe8 33. Qb7+ Kg6 34. b3 g4 35. Qd7 h5 36. Qd3+ Kg7 37. Kf2 Rad8 38. Qc2 Rd7 39. c5 Red8 40. Ke3 Re7+ 41. Kf2 Red7 42. Ke1 Re8+ 43. Kf1 Red8 44. c6 Rc7 45. b4 a6 46. a4 Rb8 47. Qc5 Re8 48. Qd5 Rce7 49. Qd2 Re3 50. b5 Rf3+ 51. Kg1 axb5 52. axb5 Ree3 53. b6 Rd3 54. Qxd3 1-0